logo

Bir Sreshtho Munshi Abdur Rouf Library
Jhenaidah Cadet College

The Greatest my own story / (Record no. 5247)

MARC details
000 -LEADER
fixed length control field 00623nam a2200229 a 4500
001 - CONTROL NUMBER
JCCL Control Number 5247
003 - CONTROL NUMBER IDENTIFIER
JCCL marc code BD-JhCC
005 - DATE AND TIME OF LATEST TRANSACTION
control field 20171211170442.0
008 - FIXED-LENGTH DATA ELEMENTS--GENERAL INFORMATION
fixed length control field 171211s1976 bg |||| ||a| 000 0 eng d
035 ## - SYSTEM CONTROL NUMBER
system control number (BD-JhCC)5247
040 ## - CATALOGING SOURCE
Original cataloging agency BD-JhCC
Modifying agency BD-JhCC
041 ## - LANGUAGE CODE
Language code of Book eng
082 ## - DEWEY DECIMAL CLASSIFICATION NUMBER
Classification number 796.830924
Author mark and Year ALI 1976
100 ## - MAIN ENTRY--PERSONAL NAME
Personal name Ali, Muhhamad & Durham, Richard
245 ## - TITLE STATEMENT
Title The Greatest my own story /
Statement of responsibility, etc Muhhamad Ali & Richard Durham
260 ## - PUBLICATION, DISTRIBUTION, ETC. (IMPRINT)
Place of publication, distribution, etc New Delhi :
Name of publisher, distributor, etc Viksa Publishing House Pvt Ltd
Date of publication, distribution, etc 1976.
300 ## - PHYSICAL DESCRIPTION
Pagination 508 p. :
Dimensions 16 cm.
650 ## - SUBJECT ADDED ENTRY--TOPICAL TERM
Topical term or geographic name as entry element Boxers (sport)
650 ## - SUBJECT ADDED ENTRY--TOPICAL TERM
Topical term or geographic name as entry element Ali Muhammad
942 ## - ADDED ENTRY ELEMENTS (KOHA)
Source of classification or shelving scheme Dewey Decimal Classification
Koha item type Books
Holdings
Source of classification or shelving scheme Damaged status Not for loan Home library Current library Shelving location Date of accession Total Checkouts Full call number Barcode Date last seen Copy number Koha item type
Dewey Decimal Classification     JCC Rouf Library JCC Rouf Library General Stacks 12/11/2017   796.830924 ALI 1976 7018 12/11/2017 C- 1 Books

JCC Library | Contacts | JCC Home

Last Update on 23 September 2017
Copyright @ 2017-2020 JCC Rouf Library
Rouf Library, Jhenidah Cadet College (JCC), Bangladesh